000 01248nam a22002297a 4500
003 SEM
005 20251229123532.0
008 251014s1917 us ||||g ||||||01|||arm|d
040 _aSEM
_cSEM
041 _aarm
080 _a947.925(093)/Մ-55Ք
100 _aՔիւրքճեան, Վ.
_q[Քիվրքճյան, Վ.]
245 _aՎահան Մամիկոնեան. հայրենեաց ազատարար ։
_bԿեանք եւ գործունեութիւն։ Պատմական եւ աշխարհագրական ծանօթութիւններ /
_cՎ․ Քիւրքճեան
246 _a[Վահան Մամիկոնյան. հայրենյաց ազատարար ։
_bԿյանք և գործունեություն։ Պատմական և աշխարհագրական ծանոթություններ] /
260 _aՆիւ Եորք :
_a[Նյու Յորք] :
_bՆերսօ տպարան,
_b[Ներսո տպարան],
_c1917․
300 _a92 էջ ;
_bքարտեզ, նկար ;
_c17 սմ
600 _aՄամիկոնյան, Վահան
650 _aՀայոց պատմություն
_xնշանավոր գործիչներ
653 _aՍԷՄ
856 _uhttp://haygirk.nla.am/upload/1512-1940/1901-1940/vahan_mamikonyan_1917.pdf
_yԿարդալ առցանց
942 _2udc
_cBK
_n0
999 _c77063
_d77063